Crónica de la guerra (Registro nro. 183709)

Detalles MARC
000 -LEADER
campo de control de longitud fija 00800nas a2200229 i 4500
001 - NÚMERO DE CONTROL
campo de control 183709
003 - IDENTIFICADOR DE NÚMERO DE CONTROL
campo de control ES-MaACL
005 - FECHA Y HORA DE LA ÚLTIMA TRANSACCIÓN
campo de control 20250217134913.0
008 - DATOS DE LONGITUD FIJA--INFORMACIÓN GENERAL
campo de control de longitud fija 140930d19141918gw | | b||pa d
022 ## - NÚMERO INTERNACIONAL NORMALIZADO PARA PUBLICACIONES SERIADAS
Número Internacional Normalizado para Publicaciones Seriadas 9975-7478
080 ## - NÚMERO DE LA CLASIFICACIÓN DECIMAL UNIVERSAL
Número de la Clasificación Decimal Universal 94(4)"1914/18"
245 00 - MENCIÓN DEL TÍTULO
Título Crónica de la guerra
Resto del título : efemérides de la guerra, cartas militares, ilustraciones.
260 ## - PUBLICACIÓN, DISTRIBUCIÓN, ETC.
Lugar de publicación, distribución, etc. [Berlín :
Nombre del editor, distribuidor, etc. Imprenta y Edición de M. Berg,
Fecha de publicación, distribución, etc. 1914-1918]
300 ## - DESCRIPCIÓN FÍSICA
Extensión 63 p., [16] p. :
Otras características físicas il. ;
Dimensiones 21 cm.
310 ## - PERIODICIDAD ACTUAL
Periodicidad actual Periodicidad desconocida
362 0# - FECHAS DE PUBLICACIÓN Y/O DESIGNACIÓN SECUENCIAL
Fecha de publicación y/o designación secuencial Comenzó en ag. 1914; cesó en 1918.
580 ## - NOTA DE RELACIÓN COMPLEJA
Nota de relación compleja Se edita también en alemán, inglés, francés, italiano, neerlandes y danés.
650 04 - PUNTO DE ACCESO ADICIONAL DE MATERIA--TÉRMINO DE MATERIA
Término de materia o nombre geográfico como elemento de entrada Guerra mundial, 1914-1918.
9 (RLIN) 13212
852 ## - LOCALIZACIÓN
Ubicación ES-MaACL
Número de control de estantería T-1448-F-1
866 #0 - MENCIÓN TEXTUAL DE FONDOS--UNIDAD BIBLIOGRÁFICA BÁSICA
Fondos Marzo de 1915
Existencias
Estatus retirado Estado de pérdida Estado de daño No para préstamo Colección Biblioteca de origen Biblioteca actual Ubicación en estantería Fecha de adquisición Fuente de adquisición Total de préstamos Signatura topográfica completa Código de barras Visto por última vez Precio de reemplazo Tipo de ítem Koha
        Colección de folletos Biblioteca del Ateneo de Madrid Biblioteca del Ateneo de Madrid Depósito folletos 30/09/2014     T-1448-F-1 1193140 23/02/2023 23/02/2023 Folleto